<?xml version="1.0" encoding="UTF-8"?>
<record
    xmlns:xsi="http://www.w3.org/2001/XMLSchema-instance"
    xsi:schemaLocation="http://www.loc.gov/MARC21/slim http://www.loc.gov/standards/marcxml/schema/MARC21slim.xsd"
    xmlns="http://www.loc.gov/MARC21/slim">

  <leader>01613cam a2200397 a 4500</leader>
  <controlfield tag="001">10089902</controlfield>
  <controlfield tag="003">USPCAS-E</controlfield>
  <controlfield tag="005">20180118181418.0</controlfield>
  <controlfield tag="006">m        d        </controlfield>
  <controlfield tag="007">cr  n         </controlfield>
  <controlfield tag="008">110726s2012    gw a    sb    001 0 eng d</controlfield>
  <datafield tag="020" ind1=" " ind2=" ">
    <subfield code="z">9783527327881</subfield>
  </datafield>
  <datafield tag="020" ind1=" " ind2=" ">
    <subfield code="a">9783527639601 (ebook)</subfield>
  </datafield>
  <datafield tag="035" ind1=" " ind2=" ">
    <subfield code="a">(WaSeSS)ssj0000622285</subfield>
  </datafield>
  <datafield tag="040" ind1=" " ind2=" ">
    <subfield code="a">CaPaEBR</subfield>
    <subfield code="c">CaPaEBR</subfield>
    <subfield code="d">WaSeSS</subfield>
  </datafield>
  <datafield tag="050" ind1=" " ind2="4">
    <subfield code="a">QD575.P67</subfield>
    <subfield code="b">H54 2012eb</subfield>
  </datafield>
  <datafield tag="050" ind1=" " ind2="4">
    <subfield code="a">TA418.9P6</subfield>
  </datafield>
  <datafield tag="082" ind1=" " ind2=" ">
    <subfield code="a">620.116</subfield>
    <subfield code="b">HIE 2012</subfield>
  </datafield>
  <datafield tag="210" ind1="1" ind2="0">
    <subfield code="a">Hierarchically structured porous materials</subfield>
  </datafield>
  <datafield tag="245" ind1="0" ind2="0">
    <subfield code="a">Hierarchically structured porous materials</subfield>
    <subfield code="h">[electronic resource] :</subfield>
    <subfield code="b">from nanoscience to catalysis, separation, optics, energy, and life science /</subfield>
    <subfield code="c">edited by Bao-Lian Su, Cl&#xE9;ment Sanchez, and Xiao-Yu Yang.</subfield>
  </datafield>
  <datafield tag="260" ind1=" " ind2=" ">
    <subfield code="a">Weinheim, Germany :</subfield>
    <subfield code="b">Wiley-VCH,</subfield>
    <subfield code="c">2012.</subfield>
  </datafield>
  <datafield tag="502" ind1=" " ind2=" ">
    <subfield code="a">.</subfield>
  </datafield>
  <datafield tag="504" ind1=" " ind2=" ">
    <subfield code="a">Includes bibliographical references and index.</subfield>
  </datafield>
  <datafield tag="505" ind1="0" ind2=" ">
    <subfield code="a">pt. 1. Introduction -- pt. 2. Synthesis strategies to hierarchically structured porous materials -- pt. 3. Emerging applications of hierarchically structured porous materials -- pt. 4. Conclusion.</subfield>
  </datafield>
  <datafield tag="506" ind1=" " ind2=" ">
    <subfield code="a">License restrictions may limit access.</subfield>
  </datafield>
  <datafield tag="650" ind1=" " ind2="0">
    <subfield code="a">Porous materials.</subfield>
  </datafield>
  <datafield tag="655" ind1=" " ind2="7">
    <subfield code="a">Electronic books.</subfield>
    <subfield code="2">local</subfield>
  </datafield>
  <datafield tag="700" ind1="1" ind2=" ">
    <subfield code="a">Su, Bao-Lian.</subfield>
  </datafield>
  <datafield tag="700" ind1="1" ind2=" ">
    <subfield code="a">Sanchez, Cl&#xE9;ment.</subfield>
  </datafield>
  <datafield tag="700" ind1="1" ind2=" ">
    <subfield code="a">Yang, Xiao-Yu.</subfield>
  </datafield>
  <datafield tag="710" ind1="2" ind2=" ">
    <subfield code="a">ebrary, Inc.</subfield>
  </datafield>
  <datafield tag="773" ind1=" " ind2="0">
    <subfield code="t">Wiley-Blackwell Online Books</subfield>
  </datafield>
  <datafield tag="856" ind1="4" ind2="0">
    <subfield code="u">http://www.columbia.edu/cgi-bin/cul/resolve?clio10089902</subfield>
    <subfield code="z">Full text available from Wiley-Blackwell Online Books</subfield>
  </datafield>
  <datafield tag="910" ind1=" " ind2=" ">
    <subfield code="a">Vendor-generated brief record</subfield>
  </datafield>
  <datafield tag="942" ind1=" " ind2=" ">
    <subfield code="2">ddc</subfield>
    <subfield code="c">BK</subfield>
  </datafield>
  <datafield tag="999" ind1=" " ind2=" ">
    <subfield code="c">355919</subfield>
    <subfield code="d">355919</subfield>
  </datafield>
  <datafield tag="952" ind1=" " ind2=" ">
    <subfield code="0">0</subfield>
    <subfield code="1">0</subfield>
    <subfield code="2">ddc</subfield>
    <subfield code="4">0</subfield>
    <subfield code="7">0</subfield>
    <subfield code="8">NFIC</subfield>
    <subfield code="a">CAS-E</subfield>
    <subfield code="b">CAS-E</subfield>
    <subfield code="c">DISPLAY</subfield>
    <subfield code="d">2016-01-11</subfield>
    <subfield code="e">Golden</subfield>
    <subfield code="g">14410.00</subfield>
    <subfield code="l">0</subfield>
    <subfield code="o">620.116 HIE 2012</subfield>
    <subfield code="p">CAS-E0001394</subfield>
    <subfield code="r">2016-01-11</subfield>
    <subfield code="w">2016-01-11</subfield>
    <subfield code="y">BK</subfield>
  </datafield>
</record>
